Movimientos campesinos en Costa Rica /

Enregistré dans:
Détails bibliographiques
Auteur principal: Mora, Jorge A.
Format: Texte
Tags: Ajouter un tag
Pas de tags, Soyez le premier à ajouter un tag!

MARC

LEADER 00000 a a2200000 04500
001 46985
003
040
100 |a Mora, Jorge A.  
245 |a Movimientos campesinos en Costa Rica /  |c Jorge A. Mora  
773 |g número53, (1992), 63 páginas  
999 |c 25884  |d 25884